000 00834nab a2200253uu 4500
001 14309
003 HDC
007 cr aa aaaau
008 210214p2007 ||||| |||| 00| 0 eng d
040 _aHDC
100 _aByrne, Dan
_914872
245 0 _aDangers in feeding waste material to livestock / by
_cDan Byrne
260 _a[no place] :
_b[publisher not identified]
_c2007
300 _a1 online resource (4 pages )
336 _atext
_2rdacontent
337 _acomputer
_2rdamedia
338 _aonline resource
_2rdacarrier
650 _aanimal products
_91111
650 _alivestock
_92405
856 _zRequest full-text at [email protected]
942 _2lcc
942 _cAR
942 _kJART 003395
999 _c11625
_d11625